Central Library OPAC University of Rajshahi

Non-violence and aggression : (Record no. 42999)

MARC details
000 -LEADER
fixed length control field 00827nam a2200265 a 4500
001 - CONTROL NUMBER
control field 42999
003 - CONTROL NUMBER IDENTIFIER
rucl marc code BD-RjUL
005 - DATE AND TIME OF LATEST TRANSACTION
control field 20211209053629.0
008 - FIXED-LENGTH DATA ELEMENTS--GENERAL INFORMATION
fixed length control field 160601s1968 enk b 001 0 eng
035 ## - SYSTEM CONTROL NUMBER
System control number (BD-RjUL)43117
System control number 968944
040 ## - CATALOGING SOURCE
Original cataloging agency LC
Language of cataloging eng
Transcribing agency LC
Modifying agency ABN:1
041 ## - LANGUAGE CODE
Language code of text/sound track or separate title eng
082 04 - DEWEY DECIMAL CLASSIFICATION NUMBER
Classification number 301.153
Author mark and year HON 1968
100 1# - MAIN ENTRY--PERSONAL NAME
Personal name Horsburgh, H. J. N.,
Dates associated with a name 1918-
9 (RLIN) 132045
245 10 - TITLE STATEMENT
Title Non-violence and aggression :
Remainder of title a study of Gandhi's moral equivalent of war /
Statement of responsibility, etc. H. J. N. Horsburgh.
260 ## - PUBLICATION, DISTRIBUTION, ETC. (IMPRINT)
Place of publication, distribution, etc. London ;
-- New York [etc.] :
Name of publisher, distributor, etc. Oxford U.P.,
Date of publication, distribution, etc. c1968.
300 ## - PHYSICAL DESCRIPTION
Pagination ix, 207 p. ;
Size 23 cm.
504 ## - BIBLIOGRAPHY, ETC. NOTE
Bibliography, etc Bibliographical footnotes. and index
600 00 - SUBJECT ADDED ENTRY--PERSONAL NAME
Personal name Gandhi,
Titles and other words associated with a name Mahatma,
Dates associated with a name 1869-1948.
650 #0 - SUBJECT ADDED ENTRY--TOPICAL TERM
Topical term or geographic name as entry element Passive resistance.
9 (RLIN) 128968
Topical term or geographic name as entry element Nonviolence.
9 (RLIN) 132046
942 ## - ADDED ENTRY ELEMENTS (KOHA)
Source of classification or shelving scheme Dewey Decimal Classification
Koha item type Books
Holdings
Lost status Source of classification or shelving scheme Damaged status Not for loan Collection code Permanent Location Current Location Shelving location Date acquired Source of acquisition Total Checkouts Full call number Date last seen Copy number Koha item type
  Dewey Decimal Classification     Non-fiction Central Library, University of Rajshahi Central Library, University of Rajshahi   07/05/1974 Oxford University Press   301.153 HON 1968 18/06/2016 C-2 Books
  Dewey Decimal Classification     Non-fiction Central Library, University of Rajshahi Central Library, University of Rajshahi   07/05/1974 Oxford University Press   301.153 HON 1968 18/06/2016 C-3 Books